Leisuve and rereation (Record no. 1437939)

MARC details
000 -LEADER
fixed length control field 00564nam a2200217Ia 4500
005 - DATE AND TIME OF LATEST TRANSACTION
control field 20250923144349.0
008 - FIXED-LENGTH DATA ELEMENTS--GENERAL INFORMATION
fixed length control field 008 250917s9999 xx 000 0 eng d
037 ## - SOURCE OF ACQUISITION
Stock number Textual
040 ## - CATALOGING SOURCE
Original cataloging agency DSWL
Language of cataloging eng
Transcribing agency DSWL
041 ## - LANGUAGE CODE
Language code of text/sound track or separate title eng
Source of code eng
084 ## - COLON CLASSIFICATION NUMBER
Classification number MY:y1, H9
Assigning agency DSWL
100 ## - MAIN ENTRY--PERSONAL NAME
Personal name Neumeyer, Martin
9 (RLIN) 824128
245 #0 - TITLE STATEMENT
Title Leisuve and rereation
Statement of responsibility, etc. by Martin Neumeyer
260 ## - PUBLICATION, DISTRIBUTION, ETC.
Place of publication, distribution, etc. New York
Date of publication, distribution, etc. 1949
300 ## - PHYSICAL DESCRIPTION
Extent 411 p.
365 ## - TRADE PRICE
Price type code USD
Price amount 4.5
700 ## - ADDED ENTRY--PERSONAL NAME
Personal name S Esther
9 (RLIN) 824129
925 ## -
-- 4.5
942 ## - ADDED ENTRY ELEMENTS (KOHA)
Koha item type Textual
Classification part MY:y1, H9
Holdings
Withdrawn status Lost status Damaged status Not for loan Home library Current library Date acquired Total Checkouts Full call number Barcode Date last seen Price effective from Koha item type
        Department of Social Work Library Department of Social Work Library 2025-09-23   MY:y1, H9 SW0001848 2025-09-23 2025-09-23 Textual
Copyright @ Delhi University Library System